LEADER 01075nam0-2200361---450- 001 990009894730403321 005 20160223155322.0 010 $a978-88-917-0735-2 035 $a000989473 035 $aFED01000989473 035 $a(Aleph)000989473FED01 035 $a000989473 100 $a20140912d2014----km-y0itay50------ba 101 0 $aita 102 $aIT 105 $a--------001yy 200 1 $aMorire altrove$ela buona morte in un contesto interculturale$fa cura di Corrado Viafora e Francesca Marin 210 $aMilano$cFrancoAngeli$d2014 215 $a219 p.$d23 cm 225 1 $aStudi e ricerche di bioetica e scienze umane$v2 610 0 $aMorte$aAspetti socio-culturali 610 0 $aMorte$aAspetti psicologici 676 $a306.9$v22$zita 676 $a155.937$v22$zita 700 1$aViafora,$bCorrado$0262639 701 1$aMarin,$bFrancesca$0523652 801 0$aIT$bUNINA$gRICA$2UNIMARC 901 $aBK 912 $a990009894730403321 952 $a306.9 VIA 1$b6789$fBFS 959 $aBFS 996 $aMorire altrove$9829108 997 $aUNINA LEADER 04216nam 22005772 450 001 996205061303316 005 20151109030845.0 010 $a1-139-81552-0 010 $a0-511-99973-9 035 $a(CKB)1000000000820302 035 $a(SSID)ssj0000371736 035 $a(PQKBManifestationID)11265949 035 $a(PQKBTitleCode)TC0000371736 035 $a(PQKBWorkID)10411926 035 $a(PQKB)11292355 035 $a(UkCbUP)CR9780511999734 035 $a(PPN)145666077 035 $a(EXLCZ)991000000000820302 100 $a20110114d2001|||| uy| 0 101 0 $aeng 135 $aur||||||||||| 181 $ctxt$2rdacontent 182 $cc$2rdamedia 183 $acr$2rdacarrier 200 04$aThe Cambridge companion to modern Italian culture /$fedited by Zygmunt G. Baran?ski and Rebecca J. West$b[electronic resource] 210 1$aCambridge :$cCambridge University Press,$d2001. 215 $a1 online resource (xix, 363 pages) $cdigital, PDF file(s) 225 1 $aCambridge companions to culture 300 $aTitle from publisher's bibliographic system (viewed on 09 Nov 2015). 311 $a0-521-55982-0 311 $a0-521-55034-3 327 $aMachine generated contents note: 1 The notion of Italy 17 -- ,JOHN DICKIE -- 2 Social and political cultures in Italy from 1860 to the present day 35 -- ANNA CENTO BULL -- 3 Questions of language 63 -- BRIAN RICHARDSON -- 4 Intellectuals, culture and power in modern Italy 81 -- DAVID WARD -- 5 Catholicism 97 -- PERCY ALLUM -- 6 Socialism, Communism and other 'isms' 113 -- ROBERT S. DOMBROSKI -- 7 other voices: contesting the status quo 131 -- SHARON WOOD and JOSEPH FARRELL -- :8 Narratives of self and society 151 -- GIAN-PAOLO BIASIN -- 9 Searching for new languages: modern Italian poetry 173 -- SHIRLEY W. VINALL and TOM O'NEILL -- lo Drama: realism, identity and reality on stage 197 -- ANN LAURA LEPSCHY -- 11 Italian cinema 215 -- PETER BONDANELLA -- 12 Art in modern Italy: from the Macchiaioli to the -- Transavanguardia 243 -- EUGENIA PAULICELLI -- 13 A modern identity for a new nation: design in Italy since 1860 265 -- PENNY SPARKE -- 14 Fashion: narration and nation 282 -- EUGENIA PAULICELLI -- 15 The media 293 -- CHRISTOPHER WAGSTAFF -- 16 Since Verdi: Italian serious music 1860-1995 311 -- JOHN C. G. WATERHOUSE -- 17 Folk music and popular song from the nineteenth century to -- the 199os 325 -- ALESSANDRO CARRERA -- 18 Epilogue: Italian culture or multiculture in the new -- millennium? 337 -- REBECCA J. WEST -- Index 347. 330 $aThis collection of essays provides a comprehensive account of the culture of modern Italy. Contributions focus on a wide range of political, historical and cultural questions. The volume provides information and analysis on such topics as regionalism, the growth of a national language, social and political cultures, the role of intellectuals, the Church, the left, feminism, the separatist movements, organised crime, literature, art, design, fashion, the mass media, and music. While offering a thorough history of Italian cultural movements, political trends and literary texts over the last century and a half, the volume also examines the cultural and political situation in Italy today and suggests possible future directions in which the country might move. Each essay contains suggestions for further reading on the topics covered. The Cambridge Companion to Modern Italian Culture is an invaluable source of materials for courses on all aspects of modern Italy. 410 0$aCambridge companions to culture. 606 $aArts, Italian$y20th century 606 $aArts, Italian$y19th century 607 $aItaly$xCivilization$y20th century 607 $aItaly$xIntellectual life$y19th century 607 $aItaly$xIntellectual life$y20th century 607 $aItaly$xCivilization$y19th century 615 0$aArts, Italian 615 0$aArts, Italian 676 $a945/.08 702 $aBaran?ski$b Zygmunt G. 702 $aWest$b Rebecca J.$f1946- 801 0$bUkCbUP 801 1$bUkCbUP 906 $aBOOK 912 $a996205061303316 996 $aCambridge companion to modern italian culture$9670229 997 $aUNISA LEADER 04923nam 22006855 450 001 9910426046603321 005 20251113204141.0 010 $a9783030609023 010 $a3030609022 024 7 $a10.1007/978-3-030-60902-3 035 $a(CKB)4100000011586029 035 $a(DE-He213)978-3-030-60902-3 035 $a(MiAaPQ)EBC6404883 035 $a(Perlego)3481907 035 $a(EXLCZ)994100000011586029 100 $a20201116d2020 u| 0 101 0 $aeng 135 $aurnn|008mamaa 181 $ctxt$2rdacontent 182 $cc$2rdamedia 183 $acr$2rdacarrier 200 10$aHigher Education, Language and New Nationalism in Finland $eRecycled Histories /$fby Taina Saarinen 205 $a1st ed. 2020. 210 1$aCham :$cSpringer International Publishing :$cImprint: Palgrave Pivot,$d2020. 215 $a1 online resource (X, 145 p. 2 illus., 1 illus. in color.) 225 1 $aPalgrave pivot 311 08$a9783030609016 311 08$a3030609014 327 $aChapter 1: Introduction: Conceptualising language policy and higher education in new nationalism -- Chapter 2: Language and long nation building in Finnish higher education -- Chapter 3: The short and intense post-nationalist period in Finnish higher education -- Chapter 4: Language and new nationalism in higher education (in Finland and a bit elsewhere) -- Chapter 5: New nationalism and higher education. 330 $a?Taina Saarinen explores the intensifying intersection between language and nationalism as it relates to higher education. As populist movements strengthen, the author critically unpacks the ?new nationalism? emerging in Finland and the multilayered roles of language. Read this book?you?ll never think of language the same way again.? ? Jenny J. Lee, Professor of Educational Policy Studies and Practice, University of Arizona, USA ?This book contributes some much-needed fresh air and original ideas in the study of language matters in higher education. Taking Finland as a case study, Saarinen beautifully depicts the multi-layered and intrinsically connected spheres of language and politics at universities, and provides rich, critical, and insightful analyses of old and new nationalist forms in Finnish higher education through the prism of language. A must-read for anyone interested in language and higher education policy.? ? Josep Soler, Associate Professor, Department of English, Stockholm University, Sweden The book discusses recycled discourses of language and nationalism in Finnish higher education, demonstrating the need to look beyond language in the study of language policies of higher education. It analyses the historical and political layeredness of language policies as well as the intertwined nature of national and international developments in understanding new nationalism. Finnish higher education language policies were fuelled by the dynamics and tensions between the national languages Finnish and Swedish until the 2000s, when English begins to catalyse post nationalist discourses of economy and competitiveness. In the 2010s, English begins to be seen as a threat to Finnish. Educational, economic and epistemic nationalism emerge as the main cycles of new nationalist language policies in Finnish higher education. The book will be of interest to language policy and higher educationscholars and practitioners, as well as graduate students language policy and higher education. Taina Saarinen is Research Professor of Higher Education at the University of Jyväskylä, Finland. She has published widely on language policies of higher education and contemporary and historical language policies, recently in journals such as Higher Education, Rethinking History, and Language Policy. She particularly enjoys comparative and historically layered topics. 410 0$aPalgrave pivot. 606 $aLanguage policy 606 $aEducation and state 606 $aApplied linguistics 606 $aEducation, Higher 606 $aEurope$xPolitics and government 606 $aLanguage Policy and Planning 606 $aEducational Policy and Politics 606 $aApplied Linguistics 606 $aHigher Education 606 $aEuropean Politics 615 0$aLanguage policy. 615 0$aEducation and state. 615 0$aApplied linguistics. 615 0$aEducation, Higher. 615 0$aEurope$xPolitics and government. 615 14$aLanguage Policy and Planning. 615 24$aEducational Policy and Politics. 615 24$aApplied Linguistics. 615 24$aHigher Education. 615 24$aEuropean Politics. 676 $a306.449485 700 $aSaarinen$b Taina$0993678 801 0$bMiAaPQ 801 1$bMiAaPQ 801 2$bMiAaPQ 906 $aBOOK 912 $a9910426046603321 996 $aHigher education, language and new nationalism in Finland$92275331 997 $aUNINA